មិត្តដ៏ឧត្តម ( កំណាព្យ ) / (Record no. 8759)

MARC details
000 -LEADER
fixed length control field 01076nam a22002657a 4500
001 - CONTROL NUMBER
control field 8759
003 - CONTROL NUMBER IDENTIFIER
control field FISKH
005 - DATE AND TIME OF LATEST TRANSACTION
control field 20251017114303.0
008 - FIXED-LENGTH DATA ELEMENTS--GENERAL INFORMATION
fixed length control field 251017b cb ||||| |||| 00| 0 eng d
020 ## - INTERNATIONAL STANDARD BOOK NUMBER
International Standard Book Number 9789995001735
040 ## - CATALOGING SOURCE
Original cataloging agency FISKH
Language of cataloging khr
Transcribing agency FISKH
Modifying agency FISKH
050 ## - LIBRARY OF CONGRESS CALL NUMBER
Classification number PZ7
082 ## - DEWEY DECIMAL CLASSIFICATION NUMBER
Classification number 895
100 ## - MAIN ENTRY--PERSONAL NAME
Personal name Sakal, Ngoun
245 ## - TITLE STATEMENT
Title មិត្តដ៏ឧត្តម ( កំណាព្យ ) /
Statement of responsibility, etc. អ្នកនិពន្ធ អ្នកស្រី ងួន សាកល , អ្នកវាយអត្ថបទ អ្នកស្រី ​ហាក់ ផាន្នី
260 ## - PUBLICATION, DISTRIBUTION, ETC.
Place of publication, distribution, etc. ភ្នំពេញ :
Name of publisher, distributor, etc. គ្រឹះស្ថានបោះពុម្ពនិងចែកផ្សាយ ,
Date of publication, distribution, etc. 2013.
300 ## - PHYSICAL DESCRIPTION
Extent 16 pages :
Other physical details color illustrations ;
Dimensions 17 X 18 cm .
490 ## - SERIES STATEMENT
Series statement កម្រងរឿងនិទានអប់រំសម្រាប់កុមារ
505 ## - FORMATTED CONTENTS NOTE
Formatted contents note P <br/>
521 8# - TARGET AUDIENCE NOTE
Target audience note 650 <br/>
Source Lexile estimate <br/>
521 8# - TARGET AUDIENCE NOTE
Target audience note P <br/>
Source Raz-Plus <br/>
700 ## - ADDED ENTRY--PERSONAL NAME
Personal name Sak, Mike
Relator term Illustrator
942 ## - ADDED ENTRY ELEMENTS (KOHA)
Source of classification or shelving scheme Dewey Decimal Classification
Koha item type Khmer Books
Suppress in OPAC No
Holdings
Withdrawn status Lost status Source of classification or shelving scheme Damaged status Not for loan Collection Home library Current library Shelving location Date acquired Total Checkouts Full call number Barcode Date last seen Copy number Price effective from Koha item type
    Dewey Decimal Classification     Khmer Language Books / សៀវភៅភាសាខ្មែរ Footprints International School Library Network Toul Tom Poung Campus Footprints International School Library Network Toul Tom Poung Campus TTP Primary Khmer Bookshelves 10/17/2025   SAK PZ7 895 FIS01432 10/17/2025 1 10/17/2025 Khmer Books
    Dewey Decimal Classification     Khmer Language Books / សៀវភៅភាសាខ្មែរ Footprints International School Library Network Toul Tom Poung Campus Footprints International School Library Network Toul Tom Poung Campus TTP Primary Khmer Bookshelves 10/17/2025   SAK PZ7 895 FIS01318 10/17/2025 2 10/17/2025 Khmer Books